00524nam a22001692a 450000100060000000300080000600500170001400800410003103500510007204000270012304100080015008200190015824500440017726000610022130000210028265000510030320061BD-RjUL20211209000521.0140226s1954 enk 000 0 eng d aOCLC ocm01653367 from D950807Ma(BD-RjUL)20123 aDZMcDZMdBD-RjULbeng aeng a840bTEA 195404aThe Teach yourself French phrase book / aLondon :bEnglish Univ. Press,c1947 [Impression 1954]. a209 p ;c19 cm. 0aFrench languagevConversation and phrase books